De la propriété et de ses formes primitives / (Record no. 157309)

MARC details
000 -LEADER
campo de control de longitud fija 00634nam a2200193 i 4500
001 - NÚMERO DE CONTROL
campo de control 157309
003 - IDENTIFICADOR DE NÚMERO DE CONTROL
campo de control ES-MaACL
005 - FECHA Y HORA DE LA ÚLTIMA TRANSACCIÓN
campo de control 20251004063205.0
008 - DATOS DE LONGITUD FIJA--INFORMACIÓN GENERAL
campo de control de longitud fija 990615s1874 fr |||| | fre d
040 ## - FUENTE DE CATALOGACIÓN
Centro catalogador/agencia de origen CCPB | B
Lengua de catalogación spa
Centro/agencia transcriptor CCPB | B
100 1# - ENTRADA PRINCIPAL--NOMBRE DE PERSONA
Nombre de persona Laveleye, Émile de,
Fechas asociadas al nombre 1822-1892
9 (RLIN) 70700
245 10 - MENCIÓN DEL TÍTULO
Título De la propriété et de ses formes primitives /
Mención de responsabilidad, etc. par Émile de Laveleye.
260 ## - PUBLICACIÓN, DISTRIBUCIÓN, ETC.
Lugar de publicación, distribución, etc. Paris :
Nombre del editor, distribuidor, etc. Librairie Germer Baillière,
Fecha de publicación, distribución, etc. 1874.
300 ## - DESCRIPCIÓN FÍSICA
Extensión [4], XIV, 395 p. ;
Dimensiones 22 cm.
597 ## - NOTA DE DESCRIPCIÓN FÍSICA
NOTA DE DESCRIPCIÓN FÍSICA Antep.
650 #7 - PUNTO DE ACCESO ADICIONAL DE MATERIA--TÉRMINO DE MATERIA
Término de materia o nombre geográfico como elemento de entrada Propiedad rústica
Fuente del encabezamiento o término embne
9 (RLIN) 136780
852 ## - LOCALIZACIÓN
Ubicación ES-MaACL
Número de control de estantería B-6825
Nota libre -- Enc. hol.
Holdings
Estatus retirado Estado de pérdida Estado de daño No para préstamo Colección Biblioteca de origen Biblioteca actual Ubicación en estantería Fecha de adquisición Fuente de adquisición Total de préstamos Signatura topográfica completa Código de barras Visto por última vez Precio de reemplazo Tipo de ítem Koha
        Libros del s. XIX Biblioteca del Ateneo de Madrid Biblioteca del Ateneo de Madrid Sala Pardo Bazán 17/01/2008     B-6825 1164623 23/02/2023 23/02/2023 Libro impreso antiguo